000 00444nam a2200181Ia 4500
003 OSt
005 20260108113511.0
008 210210b1945 xxu||||| |||| 00| 0 eng d
040 _cAL
041 _aKannada
082 _a859/1179
100 _aBALASHASHI
_9146389
_dಬಾಲಶಶಿ
245 _aRohini:
_bರೋಹಿಣಿ
260 _aBengaluru
_b-
_c1945
690 _aKannada Fiction
_9146390
906 _a021923
942 _2ddc
_cBK
999 _c146029
_d146029